[Event "POR-ch Seniors"]
[Site "Lisbon"]
[Date "2007.03.29"]
[Round "5"]
[White "Martins, Carlos Batista Nobr"]
[Black "Vasconcellos, Renato Silva Mendo"]
[Result "1-0"]
[WhiteElo "1718"]
[BlackElo "1877"]
[PlyCount "108"]
[EventDate "2007.03.25"]
[EventType "swiss"]
[EventRounds "7"]
[EventCountry "POR"]
[SourceTitle "EXT 2018"]
[Source "ChessBase"]
[SourceDate "2017.10.13"]
[SourceVersion "1"]
[SourceVersionDate "2017.10.13"]
[SourceQuality "1"]

1. e4 c6 2. d4 d5 3. Nc3 dxe4 4. Nxe4 Bf5 5. Ng3 Bg6 6. Nf3 e6 7. Bd3 Bxd3 8. Qxd3 Nf6 9. 0-0 Nbd7 10. Bd2 Bd6 11. Rad1 0-0 12. Bg5 h6 13. Ne4 Be7 14. Bf4 Nxe4 15. Qxe4 Nf6 16. Qd3 Nd5 17. Bd2 Qc7 18. g3 Bf6 19. c4 Ne7 20. b4 Rfd8 21. Bf4 Qd7 22. Ne5 Qe8 23. Qc3 Bxe5 24. dxe5 Rxd1 25. Rxd1 Rd8 26. Rd6 Nf5 27. c5 Nxd6 28. exd6 f6 29. Qb3 Qf7 30. Qa4 a6 31. Qc2 e5 32. Be3 Qd5 33. h3 Kf7 34. Qh7 Qd1+ 35. Kh2 Qh5 36. Qd3 Qg6 37. Qc4+ Kf8 38. a4 Qf7 39. Qe2 Qb3 40. Qg4 Qa2 41. a5 Qf7 42. h4 Qd7 43. Qg6 Qf7 44. h5 Rd7 45. Qf5 Rd8 46. g4 Re8 47. Kg3 Kg8 48. Qg6 Kf8 49. Qf5 Qe6 50. Qg6 Qf7 51. f4 exf4+ 52. Bxf4 Qxg6 53. hxg6 Re4 54. d7 Ke7 1-0

[Event "POR-ch Veterans"]
[Site "Portugal"]
[Date "2003.09.17"]
[Round "6"]
[White "Dias, Augusto Martins"]
[Black "Vasconcellos, Renato Silva Mendo"]
[Result "0-1"]
[WhiteElo "1930"]
[BlackElo "1747"]
[PlyCount "68"]
[EventDate "2003.09.??"]
[EventType "swiss"]
[EventRounds "6"]
[EventCountry "POR"]
[SourceTitle "EXT 2005"]
[Source "ChessBase"]
[SourceDate "2004.11.15"]
[SourceVersion "1"]
[SourceVersionDate "2004.11.15"]
[SourceQuality "1"]

1. e4 c6 2. d4 d5 3. e5 Bf5 4. Nf3 e6 5. Nc3 Nd7 6. Bg5 Be7 7. Bxe7 Nxe7 8. Nh4 h6 9. Qd2 Bh7 10. Bd3 Bxd3 11. Qxd3 a6 12. f4 c5 13. f5 cxd4 14. fxe6 fxe6 15. Qxd4 0-0 16. 0-0-0 Nc6 17. Qg4 Qe8 18. Ng6 Ndxe5 19. Nxe5 Nxe5 20. Qb4 Qc6 21. Rhe1 Nc4 22. b3 a5 23. Qb5 Ne5 24. Qxc6 Nxc6 25. Rxe6 d4 26. Nb5 Rf2 27. Rg6 Nb4 28. Nxd4 Rc8 29. c4 Nxa2+ 30. Kb1 Nc3+ 31. Kc1 Nxd1 32. Kxd1 Rd8 33. Rg4 g5 34. h4 Rf5 0-1

[Event "POR-ch Veterans"]
[Site "Portugal"]
[Date "2003.09.16"]
[Round "5"]
[White "Vasconcellos, Renato Silva Mendo"]
[Black "Oliveira, Jorge Aniceto"]
[Result "1-0"]
[WhiteElo "1747"]
[BlackElo "1573"]
[PlyCount "79"]
[EventDate "2003.09.??"]
[EventType "swiss"]
[EventRounds "6"]
[EventCountry "POR"]
[SourceTitle "EXT 2005"]
[Source "ChessBase"]
[SourceDate "2004.11.15"]
[SourceVersion "1"]
[SourceVersionDate "2004.11.15"]
[SourceQuality "1"]

1. e4 e6 2. d4 c6 3. c4 Be7 4. Nc3 d6 5. Nf3 Nd7 6. Bd3 h6 7. 0-0 Qa5 8. Bd2 Qh5 9. Be2 Qg6 10. e5 f5 11. Ne1 h5 12. Nd3 dxe5 13. dxe5 Qh7 14. f4 Bc5+ 15. Nxc5 Nxc5 16. Rf3 g6 17. b4 Na6 18. Na4 Bd7 19. b5 cxb5 20. cxb5 Nc7 21. b6 Nd5 22. bxa7 Bc6 23. Rd3 Nge7 24. Nc5 Qf7 25. Rb3 Nc8 26. Bb5 Rxa7 27. Bxc6+ bxc6 28. Qb1 0-0 29. a4 Re8 30. a5 Qe7 31. Qc1 Nc7 32. Rb7 Rxb7 33. Nxb7 Qd7 34. Nc5 Qd5 35. a6 Na7 36. Nb7 Ncb5 37. Be3 Ra8 38. Ra5 Qd3 39. Nc5 Kf7 40. Nxd3 1-0

[Event "Batalha dos Mestres 4th"]
[Site "Lisbon"]
[Date "2003.??.??"]
[Round "3"]
[White "Santos, Carlos Pereira Dos"]
[Black "Vasconcellos, Renato Silva Mendo"]
[Result "1-0"]
[WhiteElo "2405"]
[BlackElo "2130"]
[PlyCount "25"]
[EventDate "2003.??.??"]
[EventType "tourn"]
[EventRounds "11"]
[EventCountry "POR"]
[EventCategory "1"]
[SourceTitle "EXT 2007"]
[Source "ChessBase"]
[SourceDate "2006.11.23"]
[SourceVersion "1"]
[SourceVersionDate "2006.11.23"]
[SourceQuality "1"]

1. d4 d5 2. c4 e6 3. Nc3 Be7 4. Nf3 Nf6 5. cxd5 exd5 6. Bg5 Nbd7 7. e3 c6 8. Bd3 0-0 9. Qc2 Re8 10. h3 Nf8 11. Bf4 Bd6 12. Bxd6 Qxd6 13. 0-0-0 1-0

[Event "Batalha dos Mestres 4th"]
[Site "Lisbon"]
[Date "2003.??.??"]
[Round "6"]
[White "Vitor, Antonio Pedro Caste"]
[Black "Vasconcellos, Renato Silva Mendo"]
[Result "1/2-1/2"]
[WhiteElo "2295"]
[BlackElo "2130"]
[PlyCount "89"]
[EventDate "2003.??.??"]
[EventType "tourn"]
[EventRounds "11"]
[EventCountry "POR"]
[EventCategory "1"]
[SourceTitle "EXT 2007"]
[Source "ChessBase"]
[SourceDate "2006.11.23"]
[SourceVersion "1"]
[SourceVersionDate "2006.11.23"]
[SourceQuality "1"]

1. d4 d5 2. Bg5 Nf6 3. e3 e6 4. Nd2 c5 5. c3 Nbd7 6. f4 Bd6 7. Nh3 h6 8. Bh4 Qc7 9. Qf3 b6 10. Bd3 Bb7 11. 0-0 0-0-0 12. b4 c4 13. Bc2 Rdg8 14. Bxf6 Nxf6 15. Rf2 Kb8 16. Qe2 Rc8 17. Qf3 Qc6 18. a4 Ne4 19. b5 Nxd2 20. Rxd2 Qc7 21. e4 dxe4 22. Bxe4 g5 23. Bxb7 Qxb7 24. Qxb7+ Kxb7 25. g3 gxf4 26. Nxf4 e5 27. Ne2 exd4 28. Nxd4 Be5 29. Nc6 Rxc6 30. bxc6+ Kxc6 31. Rad1 a6 32. Rd7 f6 33. Kf2 Re8 34. Rd8 Rxd8 35. Rxd8 b5 36. axb5+ Kxb5 37. Ke2 Bxc3 38. Kd1 a5 39. Rb8+ Kc5 40. Rc8+ Kd5 41. Kc2 Be5 42. Ra8 Ke4 43. Rc8 c3 44. Rc4+ Kf3 45. Rh4 1/2-1/2